| 000 | 00552nam a2200145Ia 4500 | ||
|---|---|---|---|
| 008 | 170221s9999 xx 000 0 und d | ||
| 100 | _aMarina V. Simonova | ||
| 245 | _aConceptual Approaches to Forecast Recruitment Needs at the Regional Level | ||
| 245 | _cMarina V. Simonova, Larisa A. Ilyukhina, Irina V. Bogatyreva, S. G. Vagin, K. S. Nikolaeva | ||
| 260 | _bInternational Review of Management and Marketing | ||
| 260 | _c2016 | ||
| 300 | _a6 : 5S | ||
| 650 | _xMarketing. | ||
| 856 | _uhttp://www.econjournals.com/index.php/irmm/issue/view/83 | ||
| 999 |
_c308150 _d308150 |
||